Un milagro en Belén / (Registro nro. 31035)
[ vista simple ]
| 000 -LEADER | |
|---|---|
| fixed length control field | 00640nam a22002057a 4500 |
| 003 - CONTROL NUMBER IDENTIFIER | |
| control field | OSt |
| 005 - DATE AND TIME OF LATEST TRANSACTION | |
| control field | 20250729115752.0 |
| 008 - FIXED-LENGTH DATA ELEMENTS--GENERAL INFORMATION | |
| fixed length control field | 250708t |||a|||| |||| 00| 0 spa d |
| 020 ## - INTERNATIONAL STANDARD BOOK NUMBER | |
| International Standard Book Number | 9580476969 |
| 037 ## - SOURCE OF ACQUISITION | |
| Source of stock number/acquisition | Donación |
| 040 ## - CATALOGING SOURCE | |
| Original cataloging agency | CO-JMCR |
| Language of cataloging | spa |
| Transcribing agency | CO-JMCR |
| Modifying agency | CO-JMCR |
| Description conventions | rda |
| 041 10 - LANGUAGE CODE | |
| Language code of text/sound track or separate title | spa |
| Language code of original | deu |
| 082 04 - DEWEY DECIMAL CLASSIFICATION NUMBER | |
| Edition number | 23 |
| Classification number | C |
| Item number | JESm |
| 100 1# - MAIN ENTRY--PERSONAL NAME | |
| Personal name | Jeschke, Tanja, |
| Relator term | autora |
| 9 (RLIN) | 44206 |
| Dates associated with a name | [1964-] |
| 245 13 - TITLE STATEMENT | |
| Title | Un milagro en Belén / |
| Statement of responsibility, etc. | Tanja Jeschke, Sabine Waldmann-Brun. |
| 260 ## - PUBLICATION, DISTRIBUTION, ETC. | |
| Place of publication, distribution, etc. | Bogotá : |
| Name of publisher, distributor, etc. | Grupo Norma, |
| Date of publication, distribution, etc. | © 2003. |
| 300 ## - PHYSICAL DESCRIPTION | |
| Extent | [27 páginas] : |
| Other physical details | Ilustraciones ; |
| Dimensions | 27 cm. |
| 700 1# - ADDED ENTRY--PERSONAL NAME | |
| Personal name | Waldmann-Brun, Sabine, |
| Relator term | autora, |
| 9 (RLIN) | 44207 |
| Dates associated with a name | [1961-] |
| 942 ## - ADDED ENTRY ELEMENTS (KOHA) | |
| Source of classification or shelving scheme | Dewey Decimal Classification |
| Koha item type | Books |
| Withdrawn status | Lost status | Source of classification or shelving scheme | Damaged status | Not for loan | Collection code | Home library | Current library | Shelving location | Date acquired | Source of acquisition | Total Checkouts | Full call number | Barcode | Date last seen | Copy number | Price effective from | Koha item type |
|---|---|---|---|---|---|---|---|---|---|---|---|---|---|---|---|---|---|
| Dewey Decimal Classification | Fiction | Biblioteca Pública José María del Castillo y Rada | Biblioteca Pública José María del Castillo y Rada | Book Cart | 05/12/2025 | Donación | C JESm | 201812676 | 07/08/2025 | Ej.1 | 07/08/2025 | Books |